000 00315nam a2200133Ia 4500
005 20260328104331.0
008 260328s9999||||xx |||||||||||||| ||und||
100 _aWing, Sherin
245 0 _aDesigning Sacred Spaces /
_cSherin Wing
260 _bRoutledge
300 _a309 p.
650 _aIGLESIAS
942 _cBK
999 _c11728
_d11728